000 00284nam a2200133 i 4500
001 bg
100 1 _aWERAKSA, Jan
245 0 _aEtiopia /
_cJan Weraksa.
260 _aWarszawa,
_c1975.
040 _cBPK
041 _apol
942 _cKS
008 s pl f |000 0 pol
999 _c26857
_d26857
856 _uhttp://koha.tu.koszalin.pl/cgi-bin/koha/opac-detail.pl?biblionumber=26857
_yKatalog online BPK